| 000 | 00563cam a2200205 4500 | ||
|---|---|---|---|
| 001 | D15342 | ||
| 008 | 090401t1975 xxu||||| |||| 00| 0 eng d | ||
| 035 | _a(Sirsi) u22027 | ||
| 041 | _aeng | ||
| 050 | _a690.241 | ||
| 100 | _aThorncroft, M.E.T. | ||
| 245 | 4 | _aThe economics of conservation: [the RICS contribution to European Architectural Heritage Year, 1975] | |
| 260 |
_bRICS _c1975 |
||
| 300 | _a12p | ||
| 350 | _a0 | ||
| 520 | _aFiled in 1975/8ABCD | ||
| 710 |
_aRoyal Institution of Chartered Surveyors _94900 |
||
| 942 | _n0 | ||
| 948 | _c04/03/1997 | ||
| 999 |
_c88109 _d88109 |
||